书目信息 |
| 题名: |
欧阳询楷书速成教程
|
|
| 作者: | 司惠国 , 王玉孝 主编 | |
| 分册: | ||
| 出版信息: | 北京 北京体育大学出版社 2002 |
|
| 页数: | 105页 | |
| 开本: | 26cm | |
| 丛书名: | 快学毛笔字系列丛书 | |
| 单 册: | ||
| 中图分类: | J292.112.4 | |
| 科图分类: | ||
| 主题词: | 楷书--书法--中国--唐代--教材 , CT--S068794--书法 , CT--S042846--楷书 | |
| 电子资源: | ||
| ISBN: | 7-81051-705-8 | |
| 000 | 00916oam2 2200277 45 | |
| 001 | 012002030544 | |
| 005 | 20061112151745.60 | |
| 010 | @a7-81051-705-8@dCNY15.00 | |
| 100 | @a20020405d2002 em y0chiy0110 ea | |
| 101 | 0 | @achi |
| 102 | @aCN@b110000 | |
| 105 | @ay z 000yy | |
| 200 | 1 | @a欧阳询楷书速成教程@9ou yang xun kai shu su cheng jiao cheng@f司惠国,王玉孝主编 |
| 210 | @a北京@c北京体育大学出版社@d2002 | |
| 215 | @a105页@d26cm | |
| 225 | 2 | @a快学毛笔字系列丛书 |
| 330 | @a本书介绍了点、横、竖、撇、捺、钩、挑、折等基本笔画技法,组合结构,欧阳询楷书《九成宫醴泉铭》等内容。 | |
| 461 | 0 | @12001 @a快学毛笔字系列丛书 |
| 606 | 0 | @a楷书@x书法@y中国@z唐代@j教材 |
| 606 | 0 | @2CT@3S068794@a书法 |
| 606 | 0 | @2CT@3S042846@a楷书 |
| 690 | @aJ292.112.4@v4 | |
| 701 | 0 | @a司惠国@9si hui guo@4主编 |
| 701 | 0 | @a王玉孝@9wang yu xiao@4主编 |
| 801 | 0 | @aCN@bNLC@c20061112 |
| 905 | @a10447@dJ292.112.4@e416 | |
| 欧阳询楷书速成教程/司惠国,王玉孝主编.-北京:北京体育大学出版社,2002 |
| 105页;26cm.-(快学毛笔字系列丛书) |
| ISBN 7-81051-705-8:CNY15.00 |
| 本书介绍了点、横、竖、撇、捺、钩、挑、折等基本笔画技法,组合结构,欧阳询楷书《九成宫醴泉铭》等内容。 |
| ● |
| 相关链接 |
|
|
|
|
正题名:欧阳询楷书速成教程
索取号:J292.112.4/416
 
预约/预借
| 序号 | 登录号 | 条形码 | 馆藏地/架位号 | 状态 | 备注 |
| 1 | 0383945 | 203839454 | 第一样本阅览室/ [索取号:J292.112.4/416] | 在馆 | |
| 2 | 0383946 | 203839463 | 第一借阅区/ [索取号:J292.112.4/416] | 在馆 | |
| 3 | 0383947 | 203839472 | 第一借阅区/ [索取号:J292.112.4/416] | 在馆 | |
| 4 | 0383948 | 203839481 | 第一借阅区/ [索取号:J292.112.4/416] | 在馆 | |
| 5 | 0383949 | 203839490 | 第一借阅区/ [索取号:J292.112.4/416] | 在馆 |